Contaminantes químicos, biológicos y virológicos en aguas crudas y potables : métodos de detección y análisis de los impactos ambientales /

Bibliographic Details
Other Authors: Villamizar Ortiz, Raquel Amanda (Editor), Ortiz Rodríguez, Óscar Orlando (Translator)
Format: Electronic eBook
Language:Spanish
Published: [Pamplona, Colombia] : Editorial Universidad de Pamplona, [2021]
Subjects:
Online Access:Digitalia Hispánica

MARC

LEADER 00000nam a2200000 i 4500
001 DIGUPAMP0006
003 NyNyDIG
007 cr |||||||||||
008 240201s2021 ck ao ob 000 0 spa d
006 m o d
035 |a (OCoLC)1422054697 
040 |a DGITA  |b eng  |e rda  |e pn  |c DGITA 
020 |z 9789589687345 
043 |a s-ck--- 
050 1 4 |a TD245.A1 ebook 
245 0 0 |a Contaminantes químicos, biológicos y virológicos en aguas crudas y potables :  |b métodos de detección y análisis de los impactos ambientales /  |c editado por R. A. Villamizar, O. O. Ortiz. 
264 1 |a [Pamplona, Colombia] :  |b Editorial Universidad de Pamplona,  |c [2021] 
300 |a 1 online resource :  |b illustrations, photographs. 
336 |a text  |b txt  |2 rdacontent 
337 |a computer  |b c  |2 rdamedia 
338 |a online resource  |b cr  |2 rdacarrier 
347 |a text file  |2 rdaft 
347 |b PDF 
500 |a "Grupo de Investigación en Nanotecnología y Gestión Sostenible". 
504 |a Includes bibliographical references. 
588 0 |a Online resource; title from PDF title page (Digitalia, viewed February 1, 2024) 
650 0 |a Water  |x Pollution  |z Colombia  |z Norte de Santander. 
650 0 |a Water  |x Pollution  |x Measurement. 
650 0 |a Water  |x Pollution  |x Analysis. 
700 1 |a Villamizar Ortiz, Raquel Amanda,  |e editor. 
700 1 |a Ortiz Rodríguez, Óscar Orlando,  |e translator. 
791 2 |a Digitalia (Firm),  |e distributor. 
793 0 |g Digitalia eBook Collection:  |a Universidad de Pamplona 
776 0 8 |i Print version:  |t Contaminantes químicos, biológicos y virológicos en aguas crudas y potables.  |d [Pamplona, Colombia] : Editorial Universidad de Pamplona, [2021]  |z 9789589687345 
856 4 0 |3 Digitalia Hispánica  |u https://www.digitaliapublishing.com/a/131098/ 
910 |a Premium collection: 2024